[Event "Maplewood Pro Cup"]
[Site "Montreal CAN"]
[Date "2024.06.01"]
[Round "4.12"]
[White "Mok, Yuen Tak"]
[Black "Saha, Ananda"]
[Result "0-1"]
[WhiteElo "1918"]
[BlackElo "2122"]
[PlyCount "84"]
[EventDate "2024.05.31"]
[EventType "swiss"]
[EventRounds "6"]
[EventCountry "CAN"]

1. e4 e6 2. d4 d5 3. e5 Bd7 4. Nf3 a6 5. a4 c5 6. c3 Nc6 7. Bd3 cxd4 8. cxd4
Qb6 9. Bc2 Nb4 10. Bb3 Rc8 11. O-O Ne7 12. Bd2 Nf5 13. Bc3 Be7 14. g4 Nh6 15.
h3 Ng8 16. Na3 h5 17. g5 h4 18. Kh2 g6 19. Rg1 Qd8 20. Qd2 Nc6 21. Rg4 Rh5 22.
Rag1 Bxa3 23. bxa3 Qc7 24. Rc1 Na5 25. Bd1 Nc4 26. Qf4 a5 27. Nxh4 Bc6 28. Bc2
Ne7 29. Qf6 Nf5 30. Nxf5 exf5 31. Rg3 Bd7 32. Qg7 Be6 33. Bd1 Rh4 34. Qg8+ Kd7
35. Qg7 Rch8 36. Be2 f4 37. Rf3 Rxh3+ 38. Rxh3 Rxh3+ 39. Kg2 Qd8 40. Qf6 Qxf6
41. gxf6 b6 42. Rh1 Rxc3 0-1

[Event "Maplewood Pro Cup"]
[Site "Montreal CAN"]
[Date "2024.06.01"]
[Round "4.13"]
[White "Derraugh, Geordie"]
[Black "Kiryakov, Marin"]
[Result "1-0"]
[WhiteElo "2177"]
[BlackElo "1828"]
[PlyCount "79"]
[EventDate "2024.05.31"]
[EventType "swiss"]
[EventRounds "6"]
[EventCountry "CAN"]

1. d4 Nf6 2. c4 c5 3. d5 b5 4. cxb5 a6 5. bxa6 g6 6. Nc3 Bg7 7. e4 O-O 8. a7
Rxa7 9. Nf3 e6 10. Be2 exd5 11. exd5 d6 12. O-O Na6 13. Nb5 Rd7 14. Bc4 Bb7 15.
Qb3 Nc7 16. Nxd6 Bxd5 17. Bxd5 Ncxd5 18. Nc4 Qa8 19. Nfe5 Rb7 20. Qf3 Ra7 21.
a3 Nd7 22. Nxd7 Rxd7 23. Qh3 Rb7 24. Bh6 Qa4 25. Bxg7 Kxg7 26. Qd3 Nf6 27. Rac1
Rb3 28. Qc2 Qb5 29. Rfd1 Rb8 30. Rd2 Qa6 31. h3 Qe6 32. Re2 Qa6 33. Rd1 Nh5 34.
Nd6 Qa7 35. Qe4 Nf6 36. Qe5 Qa4 37. Rdd2 Qc6 38. Re4 Rxb2 39. Rxb2 Rxb2 40. Rf4
1-0

[Event "Maplewood Pro Cup"]
[Site "Montreal CAN"]
[Date "2024.06.01"]
[Round "4.15"]
[White "Wang, Rachel"]
[Black "Nassar, Marc"]
[Result "0-1"]
[WhiteElo "1797"]
[BlackElo "1929"]
[PlyCount "82"]
[EventDate "2024.05.31"]
[EventType "swiss"]
[EventRounds "6"]
[EventCountry "CAN"]

1. d4 c5 2. d5 Nf6 3. c4 e5 4. Nc3 d6 5. e4 Be7 6. h3 h6 7. Nf3 Nbd7 8. Bd3 Nf8
9. O-O Ng6 10. Re1 O-O 11. a4 Nh7 12. Nh2 Bg5 13. Nf1 Bxc1 14. Rxc1 Ng5 15. Ng3
Nh4 16. Qh5 Ng6 17. Bb1 Nf4 18. Qd1 Qd7 19. Nf5 a6 20. Qg4 Qd8 21. h4 Bxf5 22.
exf5 Nh7 23. Ne4 h5 24. Qf3 Qxh4 25. Nxd6 f6 26. Nxb7 Rab8 27. Nxc5 Rxb2 28.
Ne6 Ng5 29. Nxg5 Qxg5 30. Rc2 Rb3 31. Qe4 h4 32. Ba2 Rd3 33. Re3 Rd1+ 34. Kh2
Nxg2 35. Qxg2 Qf4+ 36. Rg3 hxg3+ 37. Qxg3 Qh6+ 38. Qh3 Rh1+ 39. Kxh1 Qxh3+ 40.
Kg1 Qg4+ 41. Kf1 Qd1+ 0-1

[Event "Maplewood Pro Cup"]
[Site "Montreal CAN"]
[Date "2024.06.01"]
[Round "4.16"]
[White "Nassif, Aba"]
[Black "Morin, Richer"]
[Result "1-0"]
[WhiteElo "1929"]
[BlackElo "1568"]
[PlyCount "87"]
[EventDate "2024.05.31"]
[EventType "swiss"]
[EventRounds "6"]
[EventCountry "CAN"]

1. d4 d5 2. Nc3 Nf6 3. Bf4 a6 4. e3 Bf5 5. f3 h6 6. g4 Bh7 7. Bd3 Bxd3 8. Qxd3
c5 9. dxc5 Nc6 10. O-O-O e5 11. Bg3 Bxc5 12. h4 Qb6 13. Re1 Bxe3+ 14. Qxe3
Qxe3+ 15. Rxe3 d4 16. Re1 dxc3 17. Bxe5 cxb2+ 18. Bxb2+ Kd7 19. Nh3 Rhe8 20.
Nf4 Rxe1+ 21. Rxe1 Re8 22. Rd1+ Kc8 23. g5 hxg5 24. hxg5 Nh7 25. Rd5 Re3 26.
Bxg7 Rxf3 27. Nd3 Rg3 28. Bh6 f6 29. Rf5 Nxg5 30. Rxf6 Rg1+ 31. Kb2 Ne4 32. Re6
Rg4 33. Be3 Kc7 34. Bf4+ Rxf4 35. Nxf4 Nc5 36. Rh6 Na4+ 37. Kb3 Nb6 38. c4 Na5+
39. Kb4 Naxc4 40. Kc5 a5 41. Ne6+ Kb8 42. Nd4 Ka7 43. Nb5+ Ka6 44. a4 1-0

[Event "Maplewood Pro Cup"]
[Site "Montreal CAN"]
[Date "2024.06.01"]
[Round "4.17"]
[White "Dudko, Andrii"]
[Black "Li, Yilin"]
[Result "0-1"]
[WhiteElo "1727"]
[BlackElo "1919"]
[PlyCount "164"]
[EventDate "2024.05.31"]
[EventType "swiss"]
[EventRounds "6"]
[EventCountry "CAN"]

1. e4 c5 2. Nf3 e6 3. d4 cxd4 4. Nxd4 Nc6 5. Be3 Qc7 6. Be2 Nf6 7. Nd2 Nxd4 8.
Bxd4 e5 9. Be3 d5 10. exd5 Nxd5 11. Nc4 Be6 12. O-O Be7 13. Bd3 O-O 14. Bd2 e4
15. Be2 f5 16. Na3 Bxa3 17. bxa3 Nc3 18. Bxc3 Qxc3 19. Qd6 Qf6 20. Qb4 b6 21.
f3 exf3 22. Bxf3 Rac8 23. Qa4 Rc7 24. Rfe1 h6 25. Rad1 Bxa2 26. Rd7 Rxd7 27.
Qxd7 a6 28. Bd5+ Bxd5 29. Qxd5+ Kh7 30. Rf1 Qe7 31. Qd3 Qc5+ 32. Kh1 b5 33. h3
Rc8 34. Qd7 Qxc2 35. Rxf5 Qb1+ 36. Kh2 Rc1 37. Rf3 Rh1+ 38. Kg3 Qe1+ 39. Kg4
Qe4+ 40. Kg3 Qe5+ 41. Rf4 h5 42. Qf5+ Qxf5 43. Rxf5 Kg6 44. Rc5 Rf1 45. a4 bxa4
46. Ra5 Rf6 47. Rxa4 Kf7 48. Ra5 g6 49. Kh4 Ke7 50. g4 hxg4 51. hxg4 Kd7 52.
Kg5 Rb6 53. Kh6 Ke7 54. Kg7 Rd6 55. g5 Kd7 56. Rc5 Re6 57. Kf7 Rd6 58. Kg7 Rb6
59. Ra5 Rc6 60. Ra3 Kc7 61. Rb3 a5 62. Rb5 Ra6 63. Rb1 a4 64. Ra1 a3 65. Kf7 a2
66. Kg7 Kd7 67. Kf7 Kd8 68. Rd1+ Kc7 69. Ra1 Kd7 70. Kg7 Ke7 71. Re1+ Kd6 72.
Ra1 Ke5 73. Kh6 Kf5 74. Rf1+ Kg4 75. Rg1+ Kf3 76. Rf1+ Ke2 77. Ra1 Kd3 78. Kg7
Kc3 79. Rxa2 Rxa2 80. Kxg6 Kd4 81. Kf7 Ke5 82. g6 Ra7+ 0-1

[Event "Maplewood Pro Cup"]
[Site "Montreal CAN"]
[Date "2024.06.01"]
[Round "4.18"]
[White "Jutras, Arnaud"]
[Black "Lu, Tony"]
[Result "0-1"]
[WhiteElo "1684"]
[BlackElo "1968"]
[PlyCount "140"]
[EventDate "2024.05.31"]
[EventType "swiss"]
[EventRounds "6"]
[EventCountry "CAN"]

1. c4 e6 2. g3 d5 3. Bg2 Nf6 4. Nf3 Be7 5. O-O O-O 6. d4 c6 7. Nbd2 Nbd7 8. Qc2
b6 9. b3 Bb7 10. Bb2 Rc8 11. Rac1 c5 12. Qb1 Rc7 13. Rfd1 Qa8 14. cxd5 Bxd5 15.
Ne1 Rfc8 16. e3 cxd4 17. Bxd4 Ba3 18. Bb2 Bxb2 19. Qxb2 Nc5 20. Bxd5 Nxd5 21.
Nc4 Ne4 22. a4 h6 23. Nd3 Ng5 24. f4 Nh3+ 25. Kf1 Nxe3+ 26. Nxe3 Qf3+ 27. Ke1
Rxc1 28. Nxc1 Qxe3+ 29. Qe2 Qg1+ 30. Kd2 Rd8+ 31. Kc2 Rxd1 32. Qxd1 Qxh2+ 33.
Ne2 Ng1 34. Qxg1 Qxe2+ 35. Kc3 Qf3+ 36. Kc4 h5 37. b4 Qe4+ 38. Kb5 Qd3+ 39. Kc6
Qe4+ 40. Kb5 Qd3+ 41. Kc6 Qc2+ 42. Kb5 Qe2+ 43. Kc6 Qc4+ 44. Kb7 Qxb4 45. Kxa7
Qxa4+ 46. Kxb6 Qb3+ 47. Kc5 Qd5+ 48. Kb4 f6 49. Kc3 e5 50. fxe5 fxe5 51. Qe3 e4
52. Qd4 Qf5 53. Qe3 Kh7 54. Kd4 Kg6 55. Qe2 Qf3 56. Qxf3 exf3 57. Ke3 Kf5 58.
Kxf3 Kg5 59. Kf2 Kg4 60. Kg2 g6 61. Kh2 Kf3 62. Kh3 g5 63. g4 h4 64. Kh2 Kxg4
65. Kg2 Kf4 66. Kh3 g4+ 67. Kg2 Ke3 68. Kg1 Kf3 69. Kf1 g3 70. Kg1 g2 0-1

[Event "Maplewood Pro Cup"]
[Site "Montreal CAN"]
[Date "2024.06.01"]
[Round "4.19"]
[White "Singher, Jean-Pierre"]
[Black "Filion, Samuel"]
[Result "1-0"]
[WhiteElo "1911"]
[BlackElo "1812"]
[PlyCount "99"]
[EventDate "2024.05.31"]
[EventType "swiss"]
[EventRounds "6"]
[EventCountry "CAN"]

1. d4 e6 2. c4 d5 3. Nf3 Nf6 4. e3 Be7 5. Nc3 O-O 6. Bd3 b6 7. O-O Bb7 8. Qe2
Nbd7 9. Rd1 c5 10. b3 Qc7 11. Bb2 Rac8 12. Rac1 Qb8 13. Ne5 Rfd8 14. cxd5 Nxe5
15. dxe5 Nxd5 16. Ne4 Nb4 17. Nd6 Rxd6 18. exd6 Bxd6 19. Qg4 Bxh2+ 20. Kh1 Be5
21. Bxh7+ Kf8 22. Bxe5 Qxe5 23. Qh4 Qc7 24. Bb1 g6 25. Qh8+ Ke7 26. Qg7 Qb8 27.
f4 Rg8 28. Qc3 Qa8 29. Qd2 Rd8 30. Qxd8+ Qxd8 31. Rxd8 Kxd8 32. Kg1 Ke7 33. Kf2
Ba6 34. g4 Bb5 35. g5 Nd3+ 36. Bxd3 Bxd3 37. Kf3 Bb5 38. e4 Kd6 39. Ke3 a6 40.
Rd1+ Ke7 41. Rh1 c4 42. Kd4 cxb3 43. axb3 a5 44. Ke5 Bd3 45. Rh3 Bb5 46. Rc3
Bd7 47. Rc7 b5 48. Ra7 a4 49. b4 Kd8 50. Kd6 1-0

[Event "Maplewood Pro Cup"]
[Site "Montreal CAN"]
[Date "2024.06.01"]
[Round "4.20"]
[White "Gao, Heye"]
[Black "Di Matteo, Alessio"]
[Result "1-0"]
[WhiteElo "1908"]
[BlackElo "1847"]
[PlyCount "147"]
[EventDate "2024.05.31"]
[EventType "swiss"]
[EventRounds "6"]
[EventCountry "CAN"]

1. e4 e6 2. d4 d5 3. Nc3 Bb4 4. e5 c5 5. a3 Bxc3+ 6. bxc3 Ne7 7. Qg4 Qc7 8.
Qxg7 Rg8 9. Qxh7 cxd4 10. Ne2 Nbc6 11. f4 Bd7 12. Qd3 dxc3 13. Qxc3 O-O-O 14.
Bd2 Kb8 15. Rb1 Rc8 16. Qb3 Nf5 17. Qd3 Na5 18. Nd4 Nxd4 19. Qxd4 Nc4 20. Bb4
Ka8 21. g3 Qb6 22. Qxb6 Nxb6 23. Kd2 Ba4 24. Bd3 d4 25. Rbc1 Nd5 26. c3 dxc3+
27. Bxc3 Rgd8 28. Bb4 Bc6 29. Rcd1 Rh8 30. h4 Rcd8 31. Ke2 Rhg8 32. Kf2 Kb8 33.
Bd6+ Ka8 34. Be4 f5 35. Bf3 Rd7 36. Rhg1 Rdg7 37. Rb1 a6 38. Rbc1 Ka7 39. Bc5+
b6 40. Bf8 Rc7 41. Bxd5 exd5 42. Bd6 Rcc8 43. Ke3 Bd7 44. Kd4 Be6 45. Rxc8 Rxc8
46. h5 Rc4+ 47. Kd3 Rc8 48. h6 Rh8 49. Rh1 Bf7 50. Be7 Kb7 51. Bf6 Rh7 52. Bg7
b5 53. Kd4 Kb6 54. Rc1 Be6 55. Rc2 a5 56. Rb2 Kc6 57. Rc2+ Kb6 58. Rc1 b4 59.
axb4 axb4 60. Rc5 Bg8 61. Rc8 Bf7 62. Rb8+ Kc6 63. Rxb4 Kc7 64. Kc5 Be6 65. Rb6
Bc8 66. Rf6 Kd7 67. Rf7+ Ke6 68. Rf6+ Ke7 69. Kxd5 Bb7+ 70. Kc5 Be4 71. Rf8 Ke6
72. Rh8 Rxh8 73. Bxh8 Kf7 74. e6+ 1-0

[Event "Maplewood Pro Cup"]
[Site "Montreal CAN"]
[Date "2024.06.01"]
[Round "4.21"]
[White "Duval, Mathieu"]
[Black "Berube, Maximilien"]
[Result "1/2-1/2"]
[WhiteElo "1872"]
[BlackElo "1875"]
[PlyCount "116"]
[EventDate "2024.05.31"]
[EventType "swiss"]
[EventRounds "6"]
[EventCountry "CAN"]

1. c4 e6 2. Nc3 d5 3. cxd5 exd5 4. d4 c6 5. a3 Bd6 6. g3 Nf6 7. Bg2 O-O 8. Nf3
Re8 9. O-O Bf5 10. Nd2 Nbd7 11. Qb3 Qb6 12. Qxb6 axb6 13. f3 Bb4 14. Re1 c5 15.
Nb3 Bxc3 16. bxc3 Ra4 17. Bb2 cxd4 18. cxd4 b5 19. Nd2 Nb6 20. e4 Be6 21. Bc3
Nc4 22. e5 Nd7 23. Nxc4 Rxc4 24. Rac1 Ra8 25. Bf1 Rcc8 26. Bb4 Nb6 27. Bxb5 Nc4
28. a4 Bf5 29. g4 Bd3 30. Rc3 Bg6 31. f4 f6 32. e6 Be8 33. Bxc4 Rxc4 34. Rxc4
dxc4 35. a5 Bc6 36. e7 Kf7 37. Kf2 Ra6 38. d5 Bd7 39. h3 b6 40. d6 Ke8 41. axb6
Rxb6 42. Ba3 Ra6 43. Re3 Rb6 44. Kg3 h6 45. h4 Rb1 46. f5 Rb3 47. Rxb3 cxb3 48.
Bb2 Kf7 49. Bc1 Ke8 50. Kf4 Bc6 51. Bb2 Kd7 52. g5 hxg5+ 53. hxg5 fxg5+ 54.
Kxg5 Kxd6 55. Ba3+ Kd7 56. Kg6 Ke8 57. Kxg7 Bd5 58. Kf6 Be4 1/2-1/2

[Event "Maplewood Pro Cup"]
[Site "Montreal CAN"]
[Date "2024.06.01"]
[Round "4.22"]
[White "Zhong, April"]
[Black "Jiang, Barron Jiyu"]
[Result "1-0"]
[WhiteElo "1832"]
[BlackElo "1807"]
[PlyCount "144"]
[EventDate "2024.05.31"]
[EventType "swiss"]
[EventRounds "6"]
[EventCountry "CAN"]

1. e4 g6 2. d4 Bg7 3. f4 d6 4. Nf3 c6 5. Bd3 Nd7 6. Qe2 Qc7 7. O-O Ngf6 8. e5
Nd5 9. Ng5 Nf8 10. c3 Bf5 11. Bxf5 gxf5 12. e6 Nxe6 13. Nxe6 fxe6 14. Qxe6 Qd7
15. Qe2 O-O-O 16. Be3 Qe6 17. Re1 Bh6 18. g3 Nxe3 19. Qxe3 Qxe3+ 20. Rxe3 e5
21. dxe5 dxe5 22. Rxe5 Rd1+ 23. Kf2 Rf8 24. Re1 Rfd8 25. Ke2 R1d3 26. Kf2 Bf8
27. a4 h5 28. Ra2 Bc5+ 29. Kg2 a5 30. b3 Rd1 31. Rae2 h4 32. Rxd1 Rxd1 33. Nd2
hxg3 34. Kxg3 Rg1+ 35. Kh3 Rc1 36. c4 Rc2 37. Rg2 Bb4 38. Nf1 Rc1 39. Ng3 Rc3
40. Rb2 Rf3 41. Kh4 Be7+ 42. Kh5 Rxf4 43. Kg6 Rf3 44. Nxf5 Ba3 45. Re2 Rxb3 46.
h4 b5 47. h5 Bc1 48. cxb5 Bf4 49. Rc2 Rb4 50. bxc6 Kc7 51. h6 Rxa4 52. Ng7 Be5
53. Rc5 Rg4+ 54. Kf5 Rxg7 55. hxg7 Bxg7 56. Ke6 a4 57. Kd5 a3 58. Ra5 Bb2 59.
Kc5 Bc1 60. Ra7+ Kc8 61. Kb5 Bb2 62. Ra4 Kc7 63. Ra7+ Kc8 64. Kc5 Bc1 65. Ra4
Bh6 66. Kd6 Bf8+ 67. Kd5 Kc7 68. Ra6 Bb4 69. Kc4 Bf8 70. Ra7+ Kb8 71. c7+ Kxa7
72. c8=Q a2 1-0

[Event "Maplewood Pro Cup"]
[Site "Montreal CAN"]
[Date "2024.06.02"]
[Round "5.3"]
[White "Wang, Tianqi"]
[Black "Lin, Leo"]
[Result "0-1"]
[WhiteElo "2334"]
[BlackElo "2011"]
[PlyCount "116"]
[EventDate "2024.05.31"]
[EventType "swiss"]
[EventRounds "6"]
[EventCountry "CAN"]

1. b3 d5 2. Bb2 Bf5 3. e3 e6 4. Be2 Nf6 5. d3 h6 6. Nd2 Be7 7. g4 Bg6 8. h4 Nc6
9. Nh3 e5 10. h5 Bh7 11. a3 Qd7 12. b4 a6 13. Nf1 O-O-O 14. Ng3 Bd6 15. g5 hxg5
16. Nxg5 Kb8 17. Rg1 d4 18. e4 Rdf8 19. Qd2 Nd8 20. c4 Ne6 21. Nxe6 fxe6 22. c5
Be7 23. Qc2 Bg8 24. a4 Bf7 25. Rh1 Qe8 26. h6 Rxh6 27. Rxh6 gxh6 28. Bc1 h5 29.
b5 a5 30. Bd2 h4 31. Nf1 b6 32. cxb6 cxb6 33. f4 Bh5 34. Rc1 Qd8 35. fxe5 Ng4
36. Nh2 h3 37. Bxg4 Bh4+ 38. Kd1 Rf1+ 39. Ke2 Rf2+ 40. Kd1 Rf1+ 41. Ke2 Rf2+
42. Kd1 Rxh2 43. Bxh5 Rf2 44. Qc6 h2 45. Kc2 Bg5 46. Kb1 Bxd2 47. Rh1 Bc3 48.
Qd6+ Qxd6 49. exd6 Rb2+ 50. Kc1 Ra2 51. Bd1 e5 52. Rf1 Rf2 53. Rh1 Kc8 54. Bg4+
Kd8 55. Kd1 Ra2 56. Bf3 Kd7 57. Kc1 Kxd6 58. Bd1 Rg2 0-1

[Event "Maplewood Pro Cup"]
[Site "Montreal CAN"]
[Date "2024.06.02"]
[Round "5.5"]
[White "Gutierrez, Renzo"]
[Black "Zhong, Ryan Yunhui"]
[Result "1-0"]
[WhiteElo "2191"]
[BlackElo "1934"]
[PlyCount "87"]
[EventDate "2024.05.31"]
[EventType "swiss"]
[EventRounds "6"]
[EventCountry "CAN"]

1. e4 e6 2. d3 d5 3. Nd2 c5 4. Ngf3 Nc6 5. g3 Bd6 6. Bg2 Nge7 7. O-O f6 8. Re1
d4 9. Nc4 e5 10. a4 Be6 11. Nxd6+ Qxd6 12. Nd2 O-O 13. b3 a6 14. Rf1 b5 15. f4
Rfd8 16. Nf3 c4 17. bxc4 bxc4 18. Ba3 Qc7 19. f5 Bf7 20. g4 Kh8 21. Qe1 cxd3
22. cxd3 Ng8 23. Qh4 Qd7 24. g5 fxg5 25. Nxg5 Nf6 26. Rf3 Rab8 27. Rc1 Rdc8 28.
Bd6 Rb3 29. Nxf7+ Qxf7 30. Bxe5 Nxe5 31. Rxc8+ Ng8 32. Rh3 h6 33. Bf1 Kh7 34.
Qd8 Rc3 35. Ra8 Nc6 36. Qd6 a5 37. Qg6+ Qxg6+ 38. fxg6+ Kh8 39. Rf3 Rc5 40. Rf5
Re5 41. Rff8 Nce7 42. Rae8 Rg5+ 43. Kf2 Re5 44. Rxg8+ 1-0

[Event "Maplewood Pro Cup"]
[Site "Montreal CAN"]
[Date "2024.06.02"]
[Round "5.7"]
[White "Lalonde, Olivier"]
[Black "Han, Johnathan"]
[Result "1-0"]
[WhiteElo "1888"]
[BlackElo "2329"]
[PlyCount "87"]
[EventDate "2024.05.31"]
[EventType "swiss"]
[EventRounds "6"]
[EventCountry "CAN"]

1. e4 c5 2. Nf3 d6 3. d4 cxd4 4. Nxd4 Nf6 5. Nc3 a6 6. Be3 e5 7. Nb3 Be6 8. h3
Nbd7 9. g4 h6 10. Qd2 Rc8 11. O-O-O b5 12. f4 Qc7 13. Qg2 Nb6 14. f5 Bd7 15. a3
Na4 16. Rd3 Bc6 17. Nd5 Bxd5 18. exd5 Nd7 19. Qf2 Be7 20. h4 Nf6 21. Bh3 Qc4
22. Kb1 Nxg4 23. Bxg4 Qxg4 24. Na5 Bf6 25. Nc6 Kf8 26. Rg1 Qh5 27. Qg2 Qxf5 28.
Rf1 Qd7 29. Bg5 Bxg5 30. hxg5 Kg8 31. Rh3 Nc5 32. gxh6 g6 33. Rhf3 Rxh6 34. Qg5
Rh7 35. Ne7+ Kf8 36. Nxc8 Rg7 37. Qh6 f5 38. Nxd6 Qxd6 39. Rxf5+ Kg8 40. Rh1
gxf5 41. Qxd6 Nd7 42. Qe6+ Rf7 43. Rh7 Kxh7 44. Qxf7+ 1-0

[Event "Maplewood Pro Cup"]
[Site "Montreal CAN"]
[Date "2024.06.02"]
[Round "5.8"]
[White "Joseph, Jonath"]
[Black "Derraugh, Geordie"]
[Result "0-1"]
[WhiteElo "2055"]
[BlackElo "2177"]
[PlyCount "64"]
[EventDate "2024.05.31"]
[EventType "swiss"]
[EventRounds "6"]
[EventCountry "CAN"]

1. Nf3 Nf6 2. b3 d5 3. Bb2 Bg4 4. e3 e6 5. Be2 Nbd7 6. d4 Be7 7. O-O O-O 8.
Nbd2 a5 9. a4 c6 10. c4 h6 11. Ne5 Bxe2 12. Qxe2 Nxe5 13. dxe5 Nd7 14. f4 Nc5
15. f5 exf5 16. Rxf5 dxc4 17. Nxc4 Nxb3 18. Rd1 Qc8 19. Qc2 Qe6 20. e4 Bc5+ 21.
Kh1 b5 22. axb5 cxb5 23. Nd6 b4 24. Rdf1 a4 25. Qd1 a3 26. Ba1 Nxa1 27. Nxf7
Rxf7 28. Rxf7 Nb3 29. Rd7 a2 30. Rd8+ Rxd8 31. Qxd8+ Kh7 32. Qc7 Bd4 0-1

[Event "Maplewood Pro Cup"]
[Site "Montreal CAN"]
[Date "2024.06.02"]
[Round "5.9"]
[White "Nassar, Marc"]
[Black "Abrahams, Daniel"]
[Result "1-0"]
[WhiteElo "1929"]
[BlackElo "2153"]
[PlyCount "93"]
[EventDate "2024.05.31"]
[EventType "swiss"]
[EventRounds "6"]
[EventCountry "CAN"]

1. e4 c5 2. d4 cxd4 3. c3 dxc3 4. Nxc3 Nc6 5. Nf3 e6 6. Bc4 a6 7. O-O b5 8. Bb3
Na5 9. Bc2 Bb7 10. e5 f5 11. exf6 Nxf6 12. Ne5 Be7 13. Ne4 Bxe4 14. Bxe4 d5 15.
Bd3 O-O 16. Bg5 Qe8 17. Qe2 Nd7 18. Bxe7 Qxe7 19. Bxh7+ Kxh7 20. Qh5+ Kg8 21.
Ng6 Qd6 22. Rae1 Nf6 23. Qh3 Rfe8 24. Re5 Nc6 25. f4 Qc5+ 26. Kh1 Qc2 27. Rg5
Nh7 28. f5 exf5 29. Rh5 Qe2 30. Qxf5 Nf6 31. Qxd5+ Qe6 32. Qxe6+ Rxe6 33. Rh8+
Kf7 34. Rxa8 Kxg6 35. Rxa6 Nd5 36. Rc1 Nde7 37. Rb6 b4 38. a4 Re2 39. Rb1 Kf5
40. Kg1 Ke4 41. Rb5 Kd4 42. Rg5 g6 43. Kf1 Rc2 44. a5 Ne5 45. Rd1+ Ke4 46. Re1+
Kf4 47. Rgxe5 1-0

[Event "Maplewood Pro Cup"]
[Site "Montreal CAN"]
[Date "2024.06.02"]
[Round "5.11"]
[White "Clyde, Jordan"]
[Black "Marchand, Calix"]
[Result "1-0"]
[WhiteElo "2066"]
[BlackElo "1973"]
[PlyCount "149"]
[EventDate "2024.05.31"]
[EventType "swiss"]
[EventRounds "6"]
[EventCountry "CAN"]

1. e4 c5 2. Nc3 Nc6 3. Bb5 Nd4 4. Nf3 a6 5. Bd3 g6 6. b3 Bg7 7. Bb2 Nc6 8. O-O
d6 9. Re1 e6 10. Qc1 Nge7 11. Nd5 e5 12. Nxe7 Qxe7 13. Bc4 Bg4 14. Qd1 O-O 15.
h3 Bd7 16. c3 Rae8 17. Bd5 Kh8 18. d4 cxd4 19. cxd4 exd4 20. Bxc6 Bxc6 21. Bxd4
f6 22. Bb2 Bxe4 23. Ba3 Qf7 24. Bxd6 Rg8 25. Bc5 Rd8 26. Qe2 Rge8 27. Rad1 Rc8
28. Be3 b5 29. Rc1 Qb7 30. Rxc8 Qxc8 31. Bd4 Qd8 32. Qb2 Qd7 33. Nd2 Bd5 34.
Rxe8+ Qxe8 35. Bxf6 Qf7 36. Bxg7+ Qxg7 37. Qxg7+ Kxg7 38. f3 Kf6 39. Kf2 Ke5
40. Ke3 Be6 41. Ne4 h6 42. Nc5 Bc8 43. Nd3+ Kd5 44. Nf4+ Kc5 45. a3 g5 46. Nd3+
Kd5 47. g4 Bb7 48. f4 gxf4+ 49. Nxf4+ Ke5 50. Nd3+ Kd5 51. h4 Bc8 52. g5 hxg5
53. hxg5 a5 54. Nf4+ Ke5 55. Ng6+ Kd6 56. Kd4 Be6 57. b4 axb4 58. axb4 Bh3 59.
Nf4 Bf1 60. Ke4 Bc4 61. Kf5 Bg8 62. Kf6 Bc4 63. g6 Bb3 64. g7 Bg8 65. Ng6 Bb3
66. Ne7 Ba2 67. g8=Q Bxg8 68. Nxg8 Kd5 69. Ne7+ Kc4 70. Nc6 Kd5 71. Na5 Kd6 72.
Nb7+ Kd5 73. Nc5 Kd6 74. Kf7 Kd5 75. Ke7 1-0

[Event "Maplewood Pro Cup"]
[Site "Montreal CAN"]
[Date "2024.06.02"]
[Round "5.12"]
[White "Lu, Tony"]
[Black "Nassif, Aba"]
[Result "1-0"]
[WhiteElo "1968"]
[BlackElo "1929"]
[PlyCount "71"]
[EventDate "2024.05.31"]
[EventType "swiss"]
[EventRounds "6"]
[EventCountry "CAN"]

1. e4 e5 2. Nf3 Nc6 3. Bb5 a6 4. Ba4 Nf6 5. O-O b5 6. Bb3 Bc5 7. Qe2 d6 8. c3
O-O 9. h3 h6 10. a4 Rb8 11. axb5 axb5 12. d3 Re8 13. Be3 Bxe3 14. fxe3 Ne7 15.
Nh4 c6 16. Nd2 d5 17. Rf2 Kh7 18. Raf1 Ng6 19. Nf5 Be6 20. Nxg7 Kxg7 21. Rxf6
Qxf6 22. Rxf6 Kxf6 23. exd5 cxd5 24. Qf3+ Kg7 25. Bxd5 Bxd5 26. Qxd5 f5 27. Qf3
Rf8 28. Nb3 f4 29. Nc5 Rbe8 30. e4 Kh7 31. d4 Rg8 32. Nd7 Re6 33. Qg4 Rd6 34.
dxe5 Ne7 35. exd6 Rxg4 36. dxe7 1-0

[Event "Maplewood Pro Cup"]
[Site "Montreal CAN"]
[Date "2024.06.02"]
[Round "5.13"]
[White "Gao, Heye"]
[Black "Mok, Yuen Tak"]
[Result "1/2-1/2"]
[WhiteElo "1908"]
[BlackElo "1918"]
[PlyCount "85"]
[EventDate "2024.05.31"]
[EventType "swiss"]
[EventRounds "6"]
[EventCountry "CAN"]

1. e4 c6 2. d4 d5 3. exd5 cxd5 4. Bd3 Nc6 5. c3 Nf6 6. Bf4 Bg4 7. Qb3 Qc8 8.
Nd2 e6 9. Ngf3 Bh5 10. O-O Be7 11. Rfe1 O-O 12. Ne5 Nxe5 13. Bxe5 Bg6 14. Bxg6
hxg6 15. h3 Qc6 16. a4 Rfc8 17. Qc2 b6 18. Rec1 Bd6 19. Qd3 Bxe5 20. dxe5 Nd7
21. Qd4 Qc7 22. f4 g5 23. g3 gxf4 24. gxf4 g5 25. Kh2 gxf4 26. Rg1+ Kf8 27.
Qb4+ Nc5 28. Nf3 Ke7 29. Qxf4 Ne4 30. Ng5 Rf8 31. Nxe4 dxe4 32. Qxe4 Rad8 33.
Rg2 Rd5 34. Re1 Kd8 35. c4 Rc5 36. b3 f6 37. Qd3+ Kc8 38. Qd6 Qxd6 39. exd6 Kd7
40. Rd1 Rf7 41. Rg8 e5 42. Kg3 f5 43. Ra8 1/2-1/2

[Event "Maplewood Pro Cup"]
[Site "Montreal CAN"]
[Date "2024.06.02"]
[Round "5.14"]
[White "Jacquet, Stephane"]
[Black "Singher, Jean-Pierre"]
[Result "1-0"]
[WhiteElo "1907"]
[BlackElo "1911"]
[PlyCount "115"]
[EventDate "2024.05.31"]
[EventType "swiss"]
[EventRounds "6"]
[EventCountry "CAN"]

1. d4 d5 2. c4 c6 3. Nc3 Nf6 4. Nf3 a6 5. c5 g6 6. Bf4 Bg7 7. h3 O-O 8. e3 Nbd7
9. Qa4 Re8 10. Be2 Ne4 11. Nxe4 dxe4 12. Ne5 Nxe5 13. dxe5 g5 14. Bg3 Bf5 15.
Rd1 b5 16. Qa3 Qc8 17. O-O Qe6 18. Qb3 Red8 19. Rxd8+ Rxd8 20. Rd1 Rxd1+ 21.
Bxd1 Qd7 22. Bh5 Be6 23. Qa3 Qd5 24. Qxa6 Qxc5 25. Qa8+ Bf8 26. b3 Qd5 27. f4
Qc5 28. fxg5 Qxe3+ 29. Kh2 Qxg5 30. Bd1 Bd5 31. Qc8 h5 32. h4 Qg6 33. Bc2 Qg4
34. Qxg4+ hxg4 35. Bd1 Be6 36. a4 bxa4 37. bxa4 Bh6 38. Bf2 Bf4+ 39. Bg3 Be3
40. Bc2 Bd5 41. Be1 Bd4 42. Kg3 Bxe5+ 43. Kxg4 Be6+ 44. Kh5 f5 45. g4 fxg4 46.
Bxe4 g3 47. a5 Bh3 48. a6 g2 49. Bf2 Bc8 50. a7 Bb7 51. Bxg2 Kg7 52. Kg5 Bc3
53. Kf5 e5 54. Bg3 Kh6 55. Bxe5 Be1 56. Bd4 Bxh4 57. Ke6 Bg3 58. Kd7 1-0

[Event "Maplewood Pro Cup"]
[Site "Montreal CAN"]
[Date "2024.06.02"]
[Round "5.15"]
[White "Berube, Maximilien"]
[Black "Wang, Rachel"]
[Result "1-0"]
[WhiteElo "1875"]
[BlackElo "1794"]
[PlyCount "53"]
[EventDate "2024.05.31"]
[EventType "swiss"]
[EventRounds "6"]
[EventCountry "CAN"]

1. d4 d5 2. Nf3 Nf6 3. c4 dxc4 4. e3 e6 5. Bxc4 c5 6. O-O Nc6 7. a3 cxd4 8.
exd4 Be7 9. Nc3 O-O 10. Bg5 h6 11. Bh4 Nh5 12. Bxe7 Nxe7 13. Re1 Nf6 14. Ne5
Ned5 15. Nxd5 Nxd5 16. Qf3 Nb6 17. Rad1 Nxc4 18. Nxc4 Qc7 19. Ne3 Rb8 20. d5
exd5 21. Nxd5 Qc4 22. b3 Qg4 23. Qe3 b6 24. h3 Qh5 25. Qg3 Bg4 26. hxg4 Qg5 27.
f4 1-0

[Event "Maplewood Pro Cup"]
[Site "Montreal CAN"]
[Date "2024.06.02"]
[Round "5.17"]
[White "Morin, Richer"]
[Black "Zhong, April"]
[Result "1-0"]
[WhiteElo "1568"]
[BlackElo "1832"]
[PlyCount "97"]
[EventDate "2024.05.31"]
[EventType "swiss"]
[EventRounds "6"]
[EventCountry "CAN"]

1. e4 e6 2. d4 d5 3. e5 c5 4. c3 Nc6 5. Nf3 Bd7 6. Be2 Nge7 7. Na3 cxd4 8. cxd4
Ng6 9. Nc2 Be7 10. Bd3 a6 11. a3 Rc8 12. h4 Na5 13. h5 Nf8 14. Ne3 Qb6 15. h6
g6 16. b4 Nc6 17. Be2 Na7 18. Ng4 Bb5 19. Bg5 Nd7 20. Bxe7 Kxe7 21. O-O Rc6 22.
a4 Bxe2 23. Qxe2 Rhc8 24. Qd2 Kf8 25. Ng5 Qd8 26. Nxh7+ Kg8 27. Nhf6+ Nxf6 28.
Nxf6+ Kh8 29. Qf4 Qe7 30. Rfb1 Rc4 31. b5 a5 32. Rc1 R8c7 33. Rxc4 Rxc4 34. g4
Nc8 35. Qd2 Rb4 36. Rc1 Nb6 37. Rc5 Rc4 38. Qxa5 Rxc5 39. dxc5 Qxc5 40. Qa7 Qc7
41. a5 Nc8 42. Qa8 d4 43. a6 bxa6 44. b6 Qc1+ 45. Kg2 d3 46. b7 Qc6+ 47. Kh2 d2
48. Qxc8+ Qxc8 49. bxc8=Q# 1-0